000 003410000a22000970004500
100 1 _aGrillo, Andrés
245 1 0 _aLa era angelical : Para los esotéricos no resulta extraña la actual fiebre angelical. Es otra manifestación de la era del acuario
300 _aVol. 96, Num. 96 (Abril, 1995), Página 42
773 0 _tCambio 16
942 _cANA
999 _c58663
_d58663